000 00980nam a2200277Ia 4500
003 OSt
005 20221005111526.0
006 a|||||r|||| 00| 0
007 ta
008 221004b |||||||| |||| 00| 0 tel d
020 _a9788126040117 (pbk)
_cINR 100.00
024 _a37576
037 _bBW/1663, 14/03/2018, Bookwell
_cTextual
040 _aCRL
_cCRL
_btel
041 _2tel
_atel
082 _aO35,3N09,PA, 152Q2
100 _aराव, के कुटुंब, ले.
_9556489
245 0 _aपढ़ाई
246 _aPaढ़āī
260 _aनई दिल्ली
_bसाहित्य अकादेमी भारत
_c2012
300 _a188पृ0
_ccm.
650 _a तेलुगु साहित्य
650 _aतेलुगु कहानी
942 _hO35,3N09,PA, 152Q2
_cTEXL
_2cc
999 _c1022090
_d1022090